000 00967nam a2200229 i 4500
001 73974
003 ES-MaACL
005 20251009063052.0
007 t|
008 040914s1915 ag ||||1| spa d
100 1 _aGonzález, Joaquín V.,
_d1863-1923
_958329
245 1 3 _aLa expropiación en el derecho público argentino :
_bdiscurso en el Senado Nacional, el 30 de julio de 1907 /
_crevisado, ampliado ... por el Dr. Joaquín V. González.
260 _aBuenos Aires :
_bLa Facultad,
_c1915.
300 _a2 v. ;
_c19 cm.
505 8 _aContiene: v. 1. Doctrina (206 p.) -- v. 2I. Legislación y jurisprudencia (224 p.)
530 _aDisponible en formato digital.
650 4 _aExpropiación forzosa-
_zArgentina.
_9161560
852 _aES-MaACL
_jD-1924-25
_cSVI
_zRevisado enlace: 23 de julio de 2025
856 4 _uhttp://bdh-rd.bne.es/viewer.vm?id=0000008560&page=1
_y(Biblioteca Digital Hispánica)
942 _2udc
999 _c73974
_d73974